00804nam a22002657a 4500001000400000003000900004005001700013007000400030008003400034020001500068040002200083100002800105245012600133250001300259260003600272300002800308490002600336490000900362521003000371586005300401700002500454700002700479830002300506830000900529052DO-SdBNP20180220115010.0052151005b 1992 sp a 00| 0 spa d a8434812444 aBPMSUbspacBPMSU1 aCañizo, José A. del10aEl maestro y el robot /cJosé A. del Cañizo ; ilustración Arcadio Lobato ; colección dirigida por Marinella Terzi a13a. ed. aMadrid :bEdiciones SM, c1992. a154 p. :bil. ;c19 cm.1 aEl barco de vaporv111 aRoja1 aA partir de los 12 años aPremio Literario de la Fundación Santa María12aLobato, Arcadioeil.12aTerzi, Marinellaedir. 0aBarco de vaporn11 0aRoja